| 000 | 00423nam a2200181Ia 4500 | ||
|---|---|---|---|
| 005 | 20240823041435.0 | ||
| 008 | 240823s9999||||xx |||||||||||||| ||und|| | ||
| 041 | _aENGLISH | ||
| 082 | _A821 P9 | ||
| 100 | _aNalli Kupusami Settiyar | ||
| 245 | 0 | _aKalanthorum Bharathi | |
| 250 | _a1st | ||
| 260 |
_c2009 _bSri Puvaneswari Pathi |
||
| 500 | _aYES | ||
| 650 |
_aTamil Books _bGeneral |
||
| 942 | _cBK | ||
| 999 |
_c205508 _d205508 |
||